000 02901cam a2200337 a 4500
001 14595824
005 20080207113946.0
008 061016s2007 nyua b 001 0 eng
010 _a2006033794
015 _aGBA707911
_2bnb
016 7 _a013655391
_2Uk
020 _a0071482822 (alk. paper)
020 _a9780071482820 (alk. paper)
035 _a(OCoLC)ocm74029209
040 _aDLC
_cDLC
_dBAKER
_dC#P
_dCVM
_dIXA
_dUKM
_dDLC
050 0 0 _aTJ163.5.B84
_bJ39 2007
082 0 0 _a697
_222
_bJAY
100 1 _aJayamaha, Lal.
_95925
245 1 0 _aEnergy-Efficient Building Systems :
_bGreen Strategies for Operation and Maintenance /
_cLal Jayamaha.
260 _aNew York :
_bMcGraw-Hill,
_cc2007.
300 _axvii, 288 p. :
_bill. ;
_c24 cm.
504 _aIncludes bibliographical references (p. 259-260) and index.
505 0 _aEnergy Management & Energy Auditing -- Energy Management -- Energy Audits -- Case Study -- Air-Conditioning and Central Chiller Systems -- Chillers -- Energy Saving Measures for Chiller Systems -- Boilers and Heating Systems -- Energy Saving Measures for Boiler Systems -- Ideal Boiler Systems -- Heat Recovery Systems -- Hydronic Heating Systems -- Pumping Systems -- Distribution Systems -- System and Pump Curves -- Affinity Laws -- Energy Saving Measures for Pumpling Systems -- Cooling Towers -- Energy Saving Measures for Cooling Towers -- Air Handling & Distribution Systems -- System Losses -- System Curves and Fan Performance -- Affinity Laws -- Energy Saving Measures for Air Handling and Distribution Systems -- Lighting Systems -- Definitions -- Types of Lamps -- Lighting Levels -- Lighting Power Density -- Common Energy Saving Measures -- Building Electrical Systems -- Efficiency of Motors -- Variable Speed Drives -- Power Optimizing Devices -- Transformer Losses -- Elevators -- Maximum demand Reduction -- Power Factor Correction -- Equipment Stand-by Losses -- Building Automation Systems -- Scheduling -- Equipment Interlocks -- Demand Limiting -- Duty Cycling -- Trend Logging -- Alarms -- Building Envelope -- Envelope Heat Transfer -- Walls and Roofs -- Windows -- Air Leakage -- Overall Thermal Transfer Value (OTTV) -- Estimation of Building Energy Performance
650 0 _aBuildings
_xEnergy conservation.
_95926
856 4 2 _3Contributor biographical information
_uhttp://www.loc.gov/catdir/enhancements/fy0702/2006033794-b.html
856 4 2 _3Publisher description
_uhttp://www.loc.gov/catdir/enhancements/fy0702/2006033794-d.html
856 4 1 _3Table of contents only
_uhttp://www.loc.gov/catdir/enhancements/fy0702/2006033794-t.html
942 _2ddc
_cBB
999 _c11772
_d11772